[Event "Titled Tuesday intern op 19th Dec Early"]
[Site "Chess.com INT"]
[Date "2023.12.19"]
[Round "3"]
[White "Zakoscielna, Kinga"]
[Black "Delorme, Axel"]
[Result "0-1"]
[WhiteElo "2111"]
[BlackElo "2487"]
[PlyCount "45"]
[EventDate "2023.12.19"]
[EventType "swiss (blitz)"]
[EventRounds "11"]
[EventCountry "USA"]
[SourceTitle "CB52_2023"]
[SourceDate "2023.12.27"]
[SourceVersion "1"]
[SourceVersionDate "2023.12.27"]
[SourceQuality "1"]

1. e4 c5 2. Nf3 d6 3. d4 cxd4 4. Nxd4 Nf6 5. Nc3 a6 6. f3 e5 7. Nb3 Be6 8. Be3 Be7 9. Qd2 0-0 10. g4 b5 11. g5 b4 12. Nd5 Nxd5 13. exd5 Bf5 14. 0-0-0 a5 15. Kb1 a4 16. Nc1 Nd7 17. Bd3 Bxd3 18. Qxd3 Bxg5 19. Rhg1 Bxe3 20. Qxe3 Qf6 21. Qe4 Nc5 22. Qxb4 Rfb8 23. Qg4 0-1

[Event "Krakow op-A 28th"]
[Site "Krakow"]
[Date "2017.12.28"]
[Round "2"]
[White "Losonczi, Marcell"]
[Black "Zakoscielna, Kinga"]
[Result "1/2-1/2"]
[WhiteElo "2242"]
[BlackElo "2133"]
[PlyCount "133"]
[EventDate "2017.12.27"]
[EventType "swiss"]
[EventRounds "9"]
[EventCountry "POL"]
[SourceTitle "CBM 182 Extra"]
[Source "ChessBase"]
[SourceDate "2018.02.23"]
[SourceVersion "1"]
[SourceVersionDate "2018.02.23"]
[SourceQuality "1"]

1. e4 c5 2. Nf3 e6 3. d4 cxd4 4. Nxd4 Nc6 5. Nb5 d6 6. c4 Nf6 7. N1c3 a6 8. Na3 Be7 9. Be2 b6 10. 0-0 Bb7 11. Be3 Nb8 12. f3 Nbd7 13. Qd2 Qc7 14. Rac1 Rc8 15. b4 Qb8 16. Rc2 0-0 17. Rb1 Bd8 18. Kh1 Bc7 19. Bg1 Qa8 20. Na4 d5 21. exd5 exd5 22. c5 b5 23. Nb6 Nxb6 24. cxb6 Be5 25. Rxc8 Rxc8 26. Nc2 Qb8 27. Nd4 g6 28. Nb3 Bc3 29. Qg5 Re8 30. Bd3 Nd7 31. a3 Bf6 32. Qd2 Bc8 33. Re1 Rd8 34. Na5 Bb7 35. Rc1 Be5 36. Nc6 Bxc6 37. Rxc6 d4 38. Qg5 Re8 39. h4 Nf8 40. Be4 Ne6 41. Qg4 h5 42. Qh3 Nf4 43. Qd7 Rd8 44. Qa7 Ne2 45. Bf2 Nc3 46. Bd3 Nd1 47. Qxb8 Nxf2+ 48. Kg1 Nh3+ 49. gxh3 Rxb8 50. Be4 Kg7 51. Kf1 Bg3 52. Ke2 Bxh4 53. Kd3 Bd8 54. b7 Rxb7 55. Rxa6 Rc7 56. Kxd4 Bf6+ 57. Ke3 Rc3+ 58. Kf2 Rb3 59. Ra5 Bb2 60. Rxb5 Bxa3 61. Rb7 Rxb4 62. Rxb4 Bxb4 63. Ke3 f5 64. Bc2 Kf6 65. f4 g5 66. fxg5+ Kxg5 67. Bxf5 1/2-1/2

[Event "POL-chT 2nd League"]
[Site "Szklarska Poreba"]
[Date "2017.09.09"]
[Round "8.12"]
[White "Zakoscielna, Kinga"]
[Black "Gralka, Przemyslaw"]
[Result "1/2-1/2"]
[WhiteElo "2070"]
[BlackElo "2221"]
[PlyCount "162"]
[EventDate "2017.09.02"]
[EventType "team-swiss"]
[EventRounds "9"]
[EventCountry "POL"]
[SourceTitle "CBM 180 Extra"]
[Source "ChessBase"]
[SourceDate "2017.10.06"]
[SourceVersion "1"]
[SourceVersionDate "2017.10.06"]
[SourceQuality "1"]
[WhiteTeam "Konin Hetman"]
[BlackTeam "Bydgoszcz Hetman"]
[WhiteTeamCountry "POL"]
[BlackTeamCountry "POL"]

1. e4 c6 2. Nc3 d5 3. Nf3 Bg4 4. h3 Bxf3 5. Qxf3 e6 6. exd5 cxd5 7. b3 Nc6 8. Bb2 Nf6 9. 0-0-0 a6 10. Kb1 Qc7 11. g4 0-0-0 12. g5 Ne8 13. Ne2 Nd6 14. Nd4 Nxd4 15. Bxd4 Nf5 16. Bb2 h6 17. Bd3 Nh4 18. Qg4 hxg5 19. Qxg5 f6 20. Qg4 Qd7 21. f4 Rh6 22. Rde1 f5 23. Qe2 Bd6 24. Rhg1 Rg8 25. Qe3 Qc7 26. Ref1 Bc5 27. Bd4 Bxd4 28. Qxd4 Rg6 29. c4 Rd8 30. Rxg6 Nxg6 31. Qe3 Qd6 32. cxd5 Ne7 33. Qa7 Nxd5 34. Rc1+ Nc7 35. Rc3 b5 36. a4 Qxd3+ 37. Rxd3 Rxd3 38. Kc2 Rxh3 39. axb5 axb5 40. Qg1 Rf3 41. Qh2 Kd7 42. Qg2 Rxf4 43. Qxg7+ Kd6 44. Qf8+ Kc6 45. Qh6 Re4 46. d3 Re2+ 47. Kc3 Nd5+ 48. Kd4 f4 49. Qg6 Kd6 50. Qh6 Kc6 51. Qg6 Kd6 52. Qh6 Ne7 53. Qf8 e5+ 54. Kc3 Kd7 55. Qf7 Re3 56. Kd2 b4 57. d4 exd4 58. Qxf4 Nc6 59. Qf5+ Kd6 60. Qf6+ Kc5 61. Qf5+ Kb6 62. Qd5 Rc3 63. Qe6 Re3 64. Qd5 Re7 65. Qd6 Re8 66. Qd5 Rd8 67. Qe6 d3 68. Qe3+ Rd4 69. Qe6 Kc5 70. Qf5+ Rd5 71. Qf8+ Rd6 72. Qf5+ Kb6 73. Qf2+ Kc7 74. Qf7+ Rd7 75. Qf4+ Kb7 76. Qf5 Rd8 77. Qf7+ Kb6 78. Qf2+ Rd4 79. Qf6 Rd5 80. Qf2+ Kb5 81. Qf7 Kc5 1/2-1/2

[Event "Pardubice Czech op-B 28th"]
[Site "Pardubice"]
[Date "2017.07.29"]
[Round "9"]
[White "Zakoscielna, Kinga"]
[Black "Rostolis, Riccardo"]
[Result "0-1"]
[WhiteElo "2054"]
[BlackElo "1994"]
[PlyCount "82"]
[EventDate "2017.07.21"]
[EventType "swiss"]
[EventRounds "9"]
[EventCountry "CZE"]
[SourceTitle "CBM 179 Extra"]
[Source "ChessBase"]
[SourceDate "2017.08.23"]
[SourceVersion "1"]
[SourceVersionDate "2017.08.23"]
[SourceQuality "1"]

1. d4 Nf6 2. c4 g6 3. Nc3 Bg7 4. e4 d6 5. f3 0-0 6. Be3 Nc6 7. Nge2 a6 8. Qd2 Rb8 9. Nc1 e5 10. d5 Nd4 11. N1e2 Nxe2 12. Bxe2 Bd7 13. Bd3 c5 14. dxc6 bxc6 15. 0-0-0 Qa5 16. Kb1 Qb4 17. Ne2 Qb7 18. g4 Be6 19. Ng3 d5 20. Rc1 Rfd8 21. Qe2 Nd7 22. h4 d4 23. Bf2 Nc5 24. Rc2 Na4 25. Ka1 Qb6 26. Rhc1 Nc5 27. Be1 Rd7 28. b3 Rdb7 29. Rb2 a5 30. Rbb1 Na6 31. Kb2 Bf8 32. Ka1 Ba3 33. Rd1 Bb4 34. Bxb4 Nxb4 35. Kb2 a4 36. Kc1 axb3 37. axb3 Qa5 38. Rd2 Qa3+ 39. Kd1 Nxd3 40. Ra2 Qb4 41. Qxd3 Bxc4 0-1

[Event "Pardubice Czech op-B 28th"]
[Site "Pardubice"]
[Date "2017.07.28"]
[Round "8"]
[White "Shevchenko, Danylo"]
[Black "Zakoscielna, Kinga"]
[Result "1-0"]
[WhiteElo "2150"]
[BlackElo "2054"]
[PlyCount "59"]
[EventDate "2017.07.21"]
[EventType "swiss"]
[EventRounds "9"]
[EventCountry "CZE"]
[SourceTitle "CBM 179 Extra"]
[Source "ChessBase"]
[SourceDate "2017.08.23"]
[SourceVersion "1"]
[SourceVersionDate "2017.08.23"]
[SourceQuality "1"]

1. e4 c5 2. a3 Nc6 3. b4 cxb4 4. axb4 Nxb4 5. d4 d5 6. c3 Nc6 7. exd5 Qxd5 8. Na3 Bf5 9. Nb5 Rc8 10. Nxa7 Nxa7 11. Rxa7 Nf6 12. Nf3 Nd7 13. Qa4 f6 14. c4 Qe4+ 15. Be2 g5 16. Be3 Qb1+ 17. Qd1 Qxd1+ 18. Kxd1 b6 19. Kd2 e6 20. c5 Be4 21. Ba6 Ra8 22. Rxa8+ Bxa8 23. Bb5 g4 24. Ra1 Bd5 25. c6 Bb4+ 26. Kd3 0-0 27. cxd7 gxf3 28. gxf3 Kf7 29. Ra7 Ke7 30. Bf4 1-0

[Event "Pardubice Czech op-B 28th"]
[Site "Pardubice"]
[Date "2017.07.24"]
[Round "4"]
[White "Zakoscielna, Kinga"]
[Black "Dwilewicz, Agata"]
[Result "1-0"]
[WhiteElo "2054"]
[BlackElo "1776"]
[PlyCount "79"]
[EventDate "2017.07.21"]
[EventType "swiss"]
[EventRounds "9"]
[EventCountry "CZE"]
[SourceTitle "CBM 179 Extra"]
[Source "ChessBase"]
[SourceDate "2017.08.23"]
[SourceVersion "1"]
[SourceVersionDate "2017.08.23"]
[SourceQuality "1"]

1. e4 c5 2. Nf3 e6 3. d4 cxd4 4. Nxd4 Nc6 5. Nc3 Qc7 6. Be2 a6 7. 0-0 Nf6 8. Be3 Be7 9. Kh1 0-0 10. f4 Nxd4 11. Qxd4 d6 12. Rad1 Rd8 13. Bf3 Bd7 14. Qb6 Qb8 15. e5 dxe5 16. Bxb7 e4 17. Bxa8 Qxa8 18. Qa7 Qc6 19. h3 Nh5 20. Kh2 Nf6 21. Rd2 Ra8 22. Qd4 Be8 23. Qe5 Qb7 24. Rb1 Bb4 25. a3 Bxc3 26. Qxc3 Nd5 27. Qd4 Bc6 28. c4 Nf6 29. b4 Ba4 30. Qb6 Qc8 31. Qa5 Bc6 32. Rbd1 Nd7 33. f5 e5 34. Rd6 Kf8 35. Bb6 Qb7 36. Bc7 Ke8 37. Rxd7 Bxd7 38. Qxe5+ Be6 39. fxe6 f5 40. Qxg7 1-0

[Event "POL-chT U26 rapid"]
[Site "Hucisko"]
[Date "2016.01.17"]
[Round "9.4"]
[White "Zakoscielna, Kinga"]
[Black "Plichta, Kamil"]
[Result "0-1"]
[WhiteElo "2055"]
[BlackElo "2331"]
[PlyCount "30"]
[EventDate "2016.01.16"]
[EventType "team-swiss (rapid)"]
[EventRounds "9"]
[EventCountry "POL"]
[SourceTitle "CBM 170 Extra"]
[Source "ChessBase"]
[SourceDate "2016.02.25"]
[SourceVersion "1"]
[SourceVersionDate "2016.02.25"]
[SourceQuality "1"]
[WhiteTeam "Poznan PP"]
[BlackTeam "Poznan UE"]
[WhiteTeamCountry "POL"]
[BlackTeamCountry "POL"]

1. e4 g6 2. d4 Bg7 3. Nf3 c5 4. Nc3 Qa5 5. Bc4 cxd4 6. Nxd4 Qc5 7. Bxf7+ Kxf7 8. Qf3+ Nf6 9. Nb3 Qh5 10. Qd3 d6 11. Nb5 Na6 12. Bf4 Bd7 13. N3d4 Nc5 14. Qc4+ Ne6 15. Nc7 Qa5+ 0-1

[Event "POL-ch U26 (Women) rapid"]
[Site "Hucisko"]
[Date "2016.01.15"]
[Round "6"]
[White "Cyfka, Karina"]
[Black "Zakoscielna, Kinga"]
[Result "1-0"]
[WhiteElo "2398"]
[BlackElo "2055"]
[PlyCount "107"]
[EventDate "2016.01.15"]
[EventType "swiss (rapid)"]
[EventRounds "9"]
[EventCountry "POL"]
[SourceTitle "CBM 170 Extra"]
[Source "ChessBase"]
[SourceDate "2016.02.25"]
[SourceVersion "1"]
[SourceVersionDate "2016.02.25"]
[SourceQuality "1"]

1. d4 Nf6 2. c4 e6 3. Nf3 Bb4+ 4. Bd2 Qe7 5. g3 0-0 6. Bg2 a5 7. 0-0 Bxd2 8. Nbxd2 d5 9. c5 Nc6 10. Rc1 a4 11. a3 Bd7 12. Qc2 Rfb8 13. Rfe1 b6 14. cxb6 cxb6 15. e3 Rc8 16. Qb1 Na5 17. Ne5 Bb5 18. Bf1 Qe8 19. Rxc8 Rxc8 20. Rc1 Bxf1 21. Rxc8 Qxc8 22. Kxf1 Nd7 23. Nxd7 Qxd7 24. Qc2 Qc6 25. Qxc6 Nxc6 26. Ke2 Kf8 27. Nb1 Na5 28. Nc3 Nc4 29. Nxa4 b5 30. Nc3 Nxb2 31. Nxb5 Ke7 32. Kd2 Kd7 33. Kc2 Nc4 34. Kc3 Kc6 35. a4 Kb6 36. Kb4 f6 37. Nc3 Nd6 38. a5+ Ka6 39. Na4 e5 40. Nc5+ Ka7 41. Nd3 Nc4 42. Kc5 exd4 43. exd4 Nxa5 44. Kxd5 Kb7 45. Nc5+ Kc8 46. Ne6 g6 47. Nf8 Nb3 48. Nxh7 f5 49. Nf8 Nd2 50. Nxg6 Ne4 51. f3 Nd2 52. Ne7+ Kd7 53. Nxf5 Nxf3 54. h4 1-0

[Event "POL-ch U26 (Women) rapid"]
[Site "Hucisko"]
[Date "2016.01.15"]
[Round "5"]
[White "Zakoscielna, Kinga"]
[Black "Starczewska, Dominika"]
[Result "1/2-1/2"]
[WhiteElo "2055"]
[BlackElo "1991"]
[PlyCount "98"]
[EventDate "2016.01.15"]
[EventType "swiss (rapid)"]
[EventRounds "9"]
[EventCountry "POL"]
[SourceTitle "CBM 170 Extra"]
[Source "ChessBase"]
[SourceDate "2016.02.25"]
[SourceVersion "1"]
[SourceVersionDate "2016.02.25"]
[SourceQuality "1"]

1. e4 c5 2. Nf3 Nc6 3. Nc3 g6 4. d4 cxd4 5. Nxd4 Bg7 6. Be3 Nf6 7. Bc4 Ne5 8. Bb3 Neg4 9. Bg5 Qa5 10. Bd2 Qb6 11. Bg5 Qa5 12. Bxf6 Nxf6 13. Qd3 d6 14. 0-0-0 0-0 15. Kb1 Nd7 16. Nd5 Re8 17. f4 Nc5 18. Qf3 Nxb3 19. Nxb3 Qd8 20. f5 a5 21. fxg6 hxg6 22. Rhf1 Rf8 23. h4 Be6 24. h5 Bxd5 25. exd5 a4 26. Nd4 Qb6 27. Qe4 g5 28. h6 Be5 29. c3 a3 30. b3 Qc5 31. Rf3 Kh8 32. Qf5 Bf6 33. Qe4 Be5 34. Rc1 Rac8 35. Rh3 Bxd4 36. Qxd4+ Qxd4 37. cxd4 Rxc1+ 38. Kxc1 Rc8+ 39. Kd2 Kh7 40. Kd3 f5 41. Re3 Kxh6 42. Rxe7 Kh5 43. Rxb7 Kg4 44. Rd7 Kg3 45. b4 f4 46. Rg7 g4 47. b5 Rb8 48. Kc4 Rc8+ 49. Kb4 Rb8 1/2-1/2

[Event "Warsaw Najdorf Memorial op-A"]
[Site "Warsaw"]
[Date "2011.07.19"]
[Round "6"]
[White "Staroszczyk, Mateusz"]
[Black "Zakoscielna, Kinga"]
[Result "1-0"]
[WhiteElo "2059"]
[BlackElo "2135"]
[PlyCount "53"]
[EventDate "2011.07.13"]
[EventType "swiss"]
[EventRounds "9"]
[EventCountry "POL"]
[SourceTitle "CBM 143 Extra"]
[Source "ChessBase"]
[SourceDate "2011.08.29"]
[SourceVersion "1"]
[SourceVersionDate "2011.08.29"]
[SourceQuality "1"]

1. d4 Nf6 2. Nf3 e6 3. e3 b6 4. Bd3 Bb7 5. 0-0 c5 6. b3 Be7 7. Bb2 0-0 8. Nbd2 cxd4 9. exd4 Nc6 10. a3 Qc7 11. Re1 Rac8 12. Rc1 Qb8 13. c4 d6 14. b4 a6 15. Qb3 Na7 16. d5 e5 17. Nxe5 dxe5 18. Bxe5 Bd6 19. Bxf6 Bxh2+ 20. Kh1 Bf4 21. Bxh7+ Kxh7 22. Qh3+ Bh6 23. Ne4 gxf6 24. Qf5+ Kg7 25. Qxf6+ Kh7 26. Qf5+ Kg7 27. Ng5 1-0

[Event "Warsaw Najdorf Memorial op-A"]
[Site "Warsaw"]
[Date "2011.07.14"]
[Round "1"]
[White "Zakoscielna, Kinga"]
[Black "Sieciechowicz, Marcin"]
[Result "0-1"]
[WhiteElo "2135"]
[BlackElo "2454"]
[PlyCount "68"]
[EventDate "2011.07.13"]
[EventType "swiss"]
[EventRounds "9"]
[EventCountry "POL"]
[SourceTitle "CBM 143 Extra"]
[Source "ChessBase"]
[SourceDate "2011.08.29"]
[SourceVersion "1"]
[SourceVersionDate "2011.08.29"]
[SourceQuality "1"]

1. e4 c5 2. Nf3 d6 3. Nc3 Nf6 4. d4 cxd4 5. Nxd4 a6 6. Be2 e5 7. Nb3 Be7 8. 0-0 0-0 9. Bg5 Be6 10. Qd2 Nbd7 11. h3 Rc8 12. Rad1 Qc7 13. Kh1 Rfd8 14. f4 h6 15. Bxf6 Nxf6 16. Qe3 d5 17. exd5 Nxd5 18. Nxd5 Rxd5 19. Rxd5 Bxd5 20. Bd3 Qc6 21. Qf2 e4 22. Nd4 Qb6 23. Nf5 Qxf2 24. Nxe7+ Kf8 25. Rxf2 Kxe7 26. Bf1 Bxa2 27. b3 Rc3 28. Bc4 f5 29. g4 b5 30. Bg8 Bb1 31. gxf5 Bxc2 32. b4 e3 33. Re2 Bxf5 34. Kg2 Be6 0-1

[Event "POL-ch U18 Girls"]
[Site "Murzasichle"]
[Date "2011.03.11"]
[Round "8"]
[White "Zmarzly, Aleksandra"]
[Black "Zakoscielna, Kinga"]
[Result "1/2-1/2"]
[WhiteElo "2118"]
[BlackElo "2157"]
[PlyCount "63"]
[EventDate "2011.03.05"]
[EventType "swiss"]
[EventRounds "9"]
[EventCountry "POL"]
[SourceTitle "EXT 2012"]
[Source "ChessBase"]
[SourceDate "2011.11.24"]
[SourceVersion "1"]
[SourceVersionDate "2011.11.24"]
[SourceQuality "1"]

1. d4 Nf6 2. c4 e6 3. Nc3 Bb4 4. e3 b6 5. Nge2 Bb7 6. Ng3 c5 7. a3 cxd4 8. exd4 Bxc3+ 9. bxc3 0-0 10. Bd3 d5 11. Nh5 Nxh5 12. Qxh5 g6 13. Qh6 Nd7 14. h4 f5 15. h5 Qf6 16. Rh3 Rf7 17. Rg3 Nf8 18. Bf4 Qg7 19. Qg5 Qf6 20. Qh6 Qg7 21. Qxg7+ Rxg7 22. cxd5 Bxd5 23. c4 Bb7 24. Be5 Rd7 25. Kd2 Rc8 26. Rh1 Ba6 27. hxg6 hxg6 28. Rh8+ Kf7 29. Rgh3 Rc6 30. Rxf8+ Kxf8 31. Rh8+ Kf7 32. Rh7+ 1/2-1/2

[Event "POL-ch U18 Girls"]
[Site "Murzasichle"]
[Date "2011.03.08"]
[Round "5"]
[White "Zakoscielna, Kinga"]
[Black "Sowa, Martyna"]
[Result "1-0"]
[WhiteElo "2157"]
[BlackElo "1732"]
[PlyCount "105"]
[EventDate "2011.03.05"]
[EventType "swiss"]
[EventRounds "9"]
[EventCountry "POL"]
[SourceTitle "EXT 2012"]
[Source "ChessBase"]
[SourceDate "2011.11.24"]
[SourceVersion "1"]
[SourceVersionDate "2011.11.24"]
[SourceQuality "1"]

1. e4 c5 2. Nf3 e6 3. d4 cxd4 4. Nxd4 a6 5. Bd3 Qc7 6. 0-0 Nf6 7. Qe2 d6 8. c4 g6 9. Nc3 Bg7 10. Nf3 0-0 11. Bf4 Nc6 12. Rac1 Qe7 13. Rfd1 Nd7 14. Bc2 Nde5 15. Ba4 Rd8 16. a3 Nxf3+ 17. Qxf3 Nd4 18. Qe3 Bd7 19. Bg5 f6 20. Rxd4 fxg5 21. Rd3 Bxc3 22. Bxd7 Bxb2 23. Rb1 Bg7 24. Ba4 Rac8 25. Bb3 Be5 26. Rbd1 Rf8 27. Qh3 Rc5 28. g3 Qf6 29. Rf1 Bd4 30. Rd2 e5 31. Bd1 Kg7 32. Bg4 Rxc4 33. Qg2 h5 34. Bd1 Rc1 35. a4 b5 36. axb5 axb5 37. Rd3 Qd8 38. Rf3 b4 39. h3 Rc3 40. Rxc3 bxc3 41. Kh2 Qb6 42. f4 gxf4 43. gxf4 Qb2 44. Bc2 Qa2 45. f5 Rf6 46. Rb1 Qf7 47. Rb8 Kh7 48. Bb3 Qg7 49. Qg5 gxf5 50. Bg8+ Kh8 51. Be6+ Kh7 52. Qxh5+ Rh6 53. Bxf5+ 1-0

[Event "POL-ch U18 Girls"]
[Site "Murzasichle"]
[Date "2011.03.07"]
[Round "4"]
[White "Pietrzak, Martyna"]
[Black "Zakoscielna, Kinga"]
[Result "1-0"]
[WhiteElo "1799"]
[BlackElo "2157"]
[PlyCount "73"]
[EventDate "2011.03.05"]
[EventType "swiss"]
[EventRounds "9"]
[EventCountry "POL"]
[SourceTitle "EXT 2012"]
[Source "ChessBase"]
[SourceDate "2011.11.24"]
[SourceVersion "1"]
[SourceVersionDate "2011.11.24"]
[SourceQuality "1"]

1. f4 c5 2. Nf3 d5 3. e3 Nf6 4. Bb5+ Bd7 5. Bxd7+ Nbxd7 6. b3 g6 7. Bb2 Bg7 8. 0-0 0-0 9. Qe2 Qc7 10. d3 Rac8 11. Nbd2 Nh5 12. Bxg7 Nxg7 13. Kh1 Rfe8 14. Qf2 Nf5 15. Nh4 Nd6 16. c4 dxc4 17. Nxc4 Nxc4 18. dxc4 Nf6 19. Qf3 Kg7 20. g4 e5 21. g5 Nd7 22. f5 e4 23. f6+ Kg8 24. Qh3 Nf8 25. Nxg6 fxg6 26. f7+ Kh8 27. fxe8Q Rxe8 28. Rad1 Qe7 29. Qg4 a6 30. Rf6 Kg8 31. h4 Qe5 32. Qf4 Qb2 33. Rf1 Nd7 34. Rf7 Qd2 35. h5 gxh5 36. g6 Re6 37. Rg7+ 1-0

[Event "Wch U18 Girls"]
[Site "Porto Carras"]
[Date "2010.10.24"]
[Round "6"]
[White "Hoang, Thi Nhu Y"]
[Black "Zakoscielna, Kinga"]
[Result "1-0"]
[WhiteElo "2214"]
[BlackElo "2134"]
[PlyCount "155"]
[EventDate "2010.10.20"]
[EventType "swiss"]
[EventRounds "11"]
[EventCountry "GRE"]
[SourceTitle "EXT 2011"]
[Source "ChessBase"]
[SourceDate "2010.11.26"]
[SourceVersion "1"]
[SourceVersionDate "2010.11.26"]
[SourceQuality "1"]

1. c4 c5 2. Nc3 Nc6 3. g3 g6 4. Bg2 Bg7 5. Nf3 e6 6. d3 Nge7 7. 0-0 0-0 8. Bd2 d5 9. cxd5 exd5 10. Rc1 b6 11. a3 Bb7 12. Na4 Nf5 13. b4 cxb4 14. axb4 Re8 15. e3 Qd7 16. Qb3 Ne5 17. Nxe5 Bxe5 18. d4 Bg7 19. Nc3 Red8 20. b5 Ne7 21. Ra1 Qd6 22. Rfb1 Bc8 23. Ra4 Bf5 24. Rba1 Rd7 25. R1a3 Be6 26. Qa2 Nc8 27. Qa1 Bf8 28. e4 Qb8 29. exd5 Bf5 30. d6 Bxd6 31. Ra2 Be6 32. Ne4 Kg7 33. d5+ Be5 34. dxe6 Rxd2 35. Qb1 Rxa2 36. Rxa2 Qc7 37. Nd6 Qxd6 38. Bxa8 Qxe6 39. Re2 Nd6 40. Bc6 Qf6 41. Qa2 h5 42. Qxa7 Bd4 43. Kg2 Qf5 44. Qd7 Qc5 45. Qe7 Bf6 46. Qe3 Bd4 47. Qd3 Nf5 48. Be4 Nd6 49. Rc2 Qe5 50. Bc6 Nf5 51. Qe4 Qf6 52. Rd2 Bc5 53. Qf3 Qe5 54. Rd5 Qe7 55. Rd7 Qe6 56. Qd5 Qf6 57. Qf3 Qe6 58. Ra7 Ne7 59. Qc3+ Kh7 60. Ra8 Ng8 61. Qd3 Qf6 62. Qf3 Qe7 63. Re8 Qc7 64. Re2 Kg7 65. Qc3+ Kh7 66. Ra2 Qe7 67. Rd2 Qe6 68. Rd5 Qe7 69. Qe5 Qa7 70. Rd7 Qa2 71. Qf4 Ne7 72. Bd5 Nxd5 73. Qxf7+ Kh6 74. Rxd5 Qa8 75. Qf3 Qe8 76. Qf4+ Kh7 77. Qd2 Qxb5 78. Rd7+ 1-0

[Event "Wch U18 Girls"]
[Site "Porto Carras"]
[Date "2010.10.24"]
[Round "5"]
[White "Zakoscielna, Kinga"]
[Black "Eric, Jovana"]
[Result "1-0"]
[WhiteElo "2134"]
[BlackElo "2218"]
[PlyCount "81"]
[EventDate "2010.10.20"]
[EventType "swiss"]
[EventRounds "11"]
[EventCountry "GRE"]
[SourceTitle "EXT 2011"]
[Source "ChessBase"]
[SourceDate "2010.11.26"]
[SourceVersion "1"]
[SourceVersionDate "2010.11.26"]
[SourceQuality "1"]

1. e4 c5 2. Nf3 d6 3. d4 cxd4 4. Nxd4 Nf6 5. Nc3 g6 6. Be3 Bg7 7. f3 Nc6 8. Qd2 0-0 9. Bc4 Bd7 10. 0-0-0 Qb8 11. Bb3 a5 12. Ndb5 a4 13. Bxa4 Rc8 14. Kb1 Ne5 15. Bb3 Nc4 16. Bxc4 Rxc4 17. a3 Qe8 18. Nd4 b5 19. Na2 e5 20. Nb3 d5 21. exd5 Bf5 22. Nb4 Rac8 23. Rc1 Bf8 24. d6 Rd8 25. Bc5 Nd7 26. Nd5 Rc8 27. g4 Be6 28. Bb4 Bxd5 29. Qxd5 Nb6 30. Qd3 Qd7 31. Rhe1 Bh6 32. Bd2 Bxd2 33. Nxd2 Rd4 34. Ne4 Kg7 35. Qe2 Nc4 36. Rcd1 Re8 37. Rxd4 exd4 38. Qd3 Qa7 39. Rd1 Ne5 40. Qxb5 Qa8 41. d7 1-0

[Event "POL-chT 2st League"]
[Site "Mrzezyno"]
[Date "2010.09.04"]
[Round "1.6"]
[White "Wesolowska, Edyta"]
[Black "Zakoscielna, Kinga"]
[Result "0-1"]
[WhiteElo "1969"]
[BlackElo "2134"]
[PlyCount "82"]
[EventDate "2010.09.04"]
[EventType "team-swiss"]
[EventRounds "9"]
[EventCountry "POL"]
[SourceTitle "EXT 2019"]
[Source "ChessBase"]
[SourceDate "2018.10.10"]
[SourceVersion "1"]
[SourceVersionDate "2018.10.10"]
[SourceQuality "1"]
[WhiteTeam "Bydgoszcz Chemik"]
[BlackTeam "Koszalin Hetman Politechnika"]
[WhiteTeamCountry "POL"]
[BlackTeamCountry "POL"]

1. d4 Nf6 2. c4 g6 3. Nc3 Bg7 4. Nf3 d6 5. h3 0-0 6. Bf4 Bf5 7. e3 Na6 8. Nh4 Bd7 9. Be2 c5 10. 0-0 cxd4 11. exd4 Nc7 12. Rc1 a6 13. b4 b5 14. Bf3 Ra7 15. c5 Nfe8 16. d5 dxc5 17. bxc5 b4 18. Ne4 Bb5 19. d6 Ne6 20. Be3 exd6 21. cxd6 Rd7 22. g3 Nxd6 23. Qb3 Bxf1 24. Kxf1 Nxe4 25. Bxe4 Bc3 26. Bh6 Nc5 27. Qc4 Nxe4 28. Qxe4 Re8 29. Qc6 Rd1+ 30. Rxd1 Qxd1+ 31. Kg2 Qe2 32. Nf3 a5 33. Qc7 a4 34. Ng5 Qe7 35. Qc4 Bg7 36. Qh4 Bxh6 37. Qxh6 Qb7+ 38. f3 f5 39. Qh4 Qc7 40. Qd4 Qc2+ 41. Kf1 Qc1+ 0-1

[Event "Warsaw Najdorf Memorial op-B"]
[Site "Warsaw"]
[Date "2010.07.24"]
[Round "9"]
[White "Zakoscielna, Kinga"]
[Black "Wisniowska, Klaudia"]
[Result "1/2-1/2"]
[WhiteElo "2040"]
[BlackElo "1999"]
[PlyCount "55"]
[EventDate "2010.07.17"]
[EventType "swiss"]
[EventRounds "9"]
[EventCountry "POL"]
[SourceTitle "CBM 137 Extra"]
[Source "ChessBase"]
[SourceDate "2010.09.01"]
[SourceVersion "1"]
[SourceVersionDate "2010.09.01"]
[SourceQuality "1"]

1. e4 c5 2. Nf3 d6 3. d4 cxd4 4. Nxd4 Nf6 5. Nc3 Nc6 6. Bg5 Bd7 7. Qd3 Rc8 8. Bxf6 gxf6 9. f4 Nxd4 10. Qxd4 Qa5 11. 0-0-0 Qc5 12. Qd3 e6 13. Kb1 Ke7 14. Be2 Bg7 15. Bf3 Bc6 16. f5 e5 17. g4 h5 18. gxh5 Bh6 19. a3 Rhd8 20. Rhe1 b5 21. Qe2 Qb6 22. Nd5+ Bxd5 23. Rxd5 Rc5 24. Red1 a5 25. R1d3 b4 26. a4 Qc6 27. Rxc5 dxc5 28. Rxd8 1/2-1/2

[Event "Warsaw Najdorf Memorial op-B"]
[Site "Warsaw"]
[Date "2010.07.23"]
[Round "8"]
[White "Lada, Marek"]
[Black "Zakoscielna, Kinga"]
[Result "1/2-1/2"]
[WhiteElo "2159"]
[BlackElo "2040"]
[PlyCount "47"]
[EventDate "2010.07.17"]
[EventType "swiss"]
[EventRounds "9"]
[EventCountry "POL"]
[SourceTitle "CBM 137 Extra"]
[Source "ChessBase"]
[SourceDate "2010.09.01"]
[SourceVersion "1"]
[SourceVersionDate "2010.09.01"]
[SourceQuality "1"]

1. d4 Nf6 2. c4 g6 3. Nc3 Bg7 4. e4 d6 5. Nf3 0-0 6. Be2 e5 7. dxe5 dxe5 8. Qxd8 Rxd8 9. Bg5 Nbd7 10. 0-0-0 Rf8 11. Nd2 c6 12. Be3 Ne8 13. c5 Nc7 14. Bc4 b5 15. cxb6 axb6 16. Kb1 b5 17. Bb3 Na6 18. f3 Ndc5 19. Bc2 Be6 20. Nb3 Nxb3 21. Bxb3 Bxb3 22. axb3 Rfd8 23. Bb6 Rdb8 24. Be3 1/2-1/2

[Event "Warsaw Najdorf Memorial op-A"]
[Site "Warsaw"]
[Date "2010.07.17"]
[Round "1"]
[White "Zakoscielna, Kinga"]
[Black "Valsecchi, Alessio"]
[Result "1-0"]
[WhiteElo "2040"]
[BlackElo "2360"]
[PlyCount "85"]
[EventDate "2010.07.17"]
[EventType "swiss"]
[EventRounds "9"]
[EventCountry "POL"]
[SourceTitle "CBM 137 Extra"]
[Source "ChessBase"]
[SourceDate "2010.09.01"]
[SourceVersion "1"]
[SourceVersionDate "2010.09.01"]
[SourceQuality "1"]

1. e4 c5 2. Nf3 d6 3. d4 cxd4 4. Nxd4 Nf6 5. Nc3 g6 6. Be3 Bg7 7. f3 0-0 8. Qd2 Nc6 9. Bc4 Nd7 10. 0-0-0 Nb6 11. Bb3 Na5 12. Qd3 Nxb3+ 13. cxb3 a5 14. h4 a4 15. bxa4 Nxa4 16. Nxa4 Rxa4 17. Kb1 Bd7 18. h5 Qa5 19. a3 Rb8 20. hxg6 hxg6 21. Nb3 Qa6 22. Bd4 e5 23. Bc3 Be6 24. Nc1 Bf8 25. Bb4 Bc4 26. Qd2 Rxb4 27. Qxb4 d5 28. Qd2 b5 29. Qg5 Bg7 30. Nd3 b4 31. Nxb4 Qa4 32. Qe7 Qb3 33. Qd6 Rc8 34. Rc1 d4 35. Qd7 Ra8 36. Qc6 Bd3+ 37. Ka1 Rb8 38. Qc7 Ra8 39. Qb7 Rd8 40. Rc8 Rxc8 41. Qxc8+ Bf8 42. Nd5 Kg7 43. Qh3 1-0